Business and transfer taxation : (Record no. 68990)

MARC details
000 -LEADER
fixed length control field 00786nam a22002297i 4500
003 - CONTROL NUMBER IDENTIFIER
control field URS
005 - DATE AND TIME OF LATEST TRANSACTION
control field 20251001091327.0
020 ## - INTERNATIONAL STANDARD BOOK NUMBER
International Standard Book Number 978971959417
040 ## - CATALOGING SOURCE
Transcribing agency URS
Language of cataloging eng
Description conventions rda
050 14 - LIBRARY OF CONGRESS CALL NUMBER
Classification number KPM 3110
Item number .B2245 2019
100 1# - MAIN ENTRY--PERSONAL NAME
Personal name Banggawan, Rex B.
Relator term author
245 10 - TITLE STATEMENT
Title Business and transfer taxation :
Remainder of title laws, principles and applications with tax remedies /
-- by Rex B. Banggawan.
264 #1 - PRODUCTION, PUBLICATION, DISTRIBUTION, MANUFACTURE, AND COPYRIGHT NOTICE
Place of production, publication, distribution, manufacture Pasay City :
Name of producer, publisher, distributor, manufacturer Real Excellence,
Date of production, publication, distribution, manufacture, or copyright notice [2019]
300 ## - PHYSICAL DESCRIPTION
Extent 729 pages ;
Dimensions 23 cm
336 ## - CONTENT TYPE
Content type term text
Content type code txt
Source rdacontent
337 ## - MEDIA TYPE
Media type term unmediated
Media type code n
Source rdamedia
338 ## - CARRIER TYPE
Carrier type term volume
Carrier type code nc
Source rdacarrier
650 #0 - SUBJECT ADDED ENTRY--TOPICAL TERM
Topical term or geographic name entry element Business enterprises
General subdivision Taxation
-- Law and legislation
Geographic subdivision Philippines
650 #0 - SUBJECT ADDED ENTRY--TOPICAL TERM
Topical term or geographic name entry element Business tax
650 #0 - SUBJECT ADDED ENTRY--TOPICAL TERM
Topical term or geographic name entry element Inheritance and transfer tax
General subdivision Law and legislation
Geographic subdivision Philippines
942 ## - ADDED ENTRY ELEMENTS (KOHA)
Koha item type Filipiniana
Source of classification or shelving scheme Library of Congress Classification
Holdings
Withdrawn status Source of classification or shelving scheme Damaged status Not for loan Home library Current library Shelving location Date acquired Total Checkouts Full call number Barcode Date last seen Price effective from Koha item type
  Library of Congress Classification     Tanay College Library Tanay College Library Reserve Section 12/29/2022   KPM 3110 .B2245 2019 URSTAN-N3240 03/17/2023 03/17/2023 Filipiniana

University of Rizal System
Email us at univlibservices@urs.edu.ph

Visit our Website www.urs.edu.ph/library